<?xml version="1.0" encoding="UTF-8"?>
<record
    xmlns:xsi="http://www.w3.org/2001/XMLSchema-instance"
    xsi:schemaLocation="http://www.loc.gov/MARC21/slim http://www.loc.gov/standards/marcxml/schema/MARC21slim.xsd"
    xmlns="http://www.loc.gov/MARC21/slim">

  <leader>02343nam a2200373 a 4500</leader>
  <controlfield tag="001">000045398</controlfield>
  <controlfield tag="003">DO-SdBPM</controlfield>
  <controlfield tag="005">20260303090849.0</controlfield>
  <controlfield tag="007">ta</controlfield>
  <controlfield tag="008">150306s2014   dr ab  r  000 0 spa d</controlfield>
  <datafield tag="020" ind1=" " ind2=" ">
    <subfield code="a">9789945589283</subfield>
  </datafield>
  <datafield tag="040" ind1=" " ind2=" ">
    <subfield code="a">DO-SdBPM</subfield>
    <subfield code="b">spa</subfield>
    <subfield code="c">BPMSU</subfield>
    <subfield code="e">rda</subfield>
  </datafield>
  <datafield tag="082" ind1=" " ind2="4">
    <subfield code="a">355.48</subfield>
    <subfield code="b">S718e 2014</subfield>
    <subfield code="2">22</subfield>
  </datafield>
  <datafield tag="100" ind1="1" ind2=" ">
    <subfield code="a">Soto Jim&#xE9;nez, Jos&#xE9; Miguel,</subfield>
    <subfield code="d">1956-</subfield>
    <subfield code="e">autor</subfield>
    <subfield code="4">aut. </subfield>
  </datafield>
  <datafield tag="245" ind1="1" ind2="3">
    <subfield code="a">El estrategic&#xF3;n :</subfield>
    <subfield code="b">del arte de la guerra al arte de la pol&#xED;tica /</subfield>
    <subfield code="c">Jos&#xE9; Miguel Soto Jim&#xE9;nez ; pr&#xF3;logo Jos&#xE9;-Dor&#xED;n-Cabrera, edici&#xF3;n al cuidado de Juan Carlos Mieses.</subfield>
  </datafield>
  <datafield tag="264" ind1=" " ind2=" ">
    <subfield code="a">Santo Domingo :</subfield>
    <subfield code="b">Editorial Santuario,</subfield>
    <subfield code="c">2014.</subfield>
  </datafield>
  <datafield tag="300" ind1=" " ind2=" ">
    <subfield code="a">262 p&#xE1;ginas  :</subfield>
    <subfield code="b">ilustraciones, mapas ;</subfield>
    <subfield code="c">23 cm.</subfield>
  </datafield>
  <datafield tag="336" ind1=" " ind2=" ">
    <subfield code="a">texto</subfield>
    <subfield code="b">txt</subfield>
    <subfield code="2">rdacontent</subfield>
  </datafield>
  <datafield tag="337" ind1=" " ind2=" ">
    <subfield code="a">sin mediaci&#xF3;n </subfield>
    <subfield code="b">n</subfield>
    <subfield code="2">rdamedia </subfield>
  </datafield>
  <datafield tag="338" ind1=" " ind2=" ">
    <subfield code="a">volumen </subfield>
    <subfield code="b">nc</subfield>
    <subfield code="2">rdacarrier </subfield>
  </datafield>
  <datafield tag="500" ind1=" " ind2=" ">
    <subfield code="a"> </subfield>
  </datafield>
  <datafield tag="500" ind1=" " ind2=" ">
    <subfield code="a">Incluye datos biogr&#xE1;ficos del autor en las solapas.</subfield>
  </datafield>
  <datafield tag="504" ind1=" " ind2=" ">
    <subfield code="a">Bibliograf&#xED;a : p&#xE1;ginas  255-259</subfield>
  </datafield>
  <datafield tag="505" ind1="0" ind2=" ">
    <subfield code="a">Pr&#xF3;logo / Jos&#xE9; -Dor&#xED;n- Cabrera,13.-- A manera de introducci&#xF3;n,37.-- Siguiendo las huellas para hacer las nuevas huellas,43.-- La pol&#xED;tica de la guerra,57.-- La lucha por el poder como punto de coincidencia entre la pol&#xED;tica y la guerra,63.--De Sun Tzu a Gene Sharp,75.-- Los niveles de la guerra en la pol&#xED;tica y otros elementos terminol&#xF3;gicos,89.-- La estrategia,123.-- Los principios de la guerra y otros conceptos militares como herramientas del trabajo pol&#xED;tico,135.-- El comandante y su estado mayor,157.-- El asunto preliminar de las operaciones,171.-- El marco operacional,183.-- Tipos de operaciones de combate. La ofensiva,191.--La defensa. Tipos de defensa,201.--Operaciones retr&#xF3;gadas,207.-- Las otras operaciones u operaciones de no guerra,211.-- Operaciones conjuntas y combinadas. Otros conceptos,217.-- Del liderazgo al don de mando,225.-- Los niveles y principios de la guerra como instrumento din&#xE1;mico del an&#xE1;lisis pol&#xED;tico,233.-- Ep&#xED;logo,253.-- Bibliograf&#xED;a,255.-- Rese&#xF1;a biogr&#xE1;fica,261.</subfield>
  </datafield>
  <datafield tag="590" ind1=" " ind2=" ">
    <subfield code="a">Inventariado, 2026/VM</subfield>
  </datafield>
  <datafield tag="650" ind1=" " ind2="7">
    <subfield code="a">Ciencia militar</subfield>
  </datafield>
  <datafield tag="650" ind1=" " ind2="7">
    <subfield code="a">T&#xE1;cticas militar </subfield>
    <subfield code="2">Historia </subfield>
  </datafield>
  <datafield tag="650" ind1=" " ind2="7">
    <subfield code="a">Estrategia militar</subfield>
  </datafield>
  <datafield tag="650" ind1=" " ind2="7">
    <subfield code="a">T&#xE1;cticas pol&#xED;ticas</subfield>
  </datafield>
  <datafield tag="700" ind1="1" ind2=" ">
    <subfield code="a">Dor&#xED;n Cabrera, Jos&#xE9;,</subfield>
    <subfield code="e">pr&#xF3;logo </subfield>
  </datafield>
  <datafield tag="700" ind1="1" ind2=" ">
    <subfield code="a">Mieses, Juan Carlo,</subfield>
    <subfield code="e">editor </subfield>
  </datafield>
  <datafield tag="910" ind1=" " ind2=" ">
    <subfield code="a">VMateo V. Control de calidad. BPMSU </subfield>
  </datafield>
  <datafield tag="942" ind1=" " ind2=" ">
    <subfield code="2">ddc</subfield>
    <subfield code="c">BK</subfield>
  </datafield>
  <datafield tag="952" ind1=" " ind2=" ">
    <subfield code="0">0</subfield>
    <subfield code="1">0</subfield>
    <subfield code="2">ddc</subfield>
    <subfield code="7">0</subfield>
    <subfield code="8">CD</subfield>
    <subfield code="a">BPMET</subfield>
    <subfield code="b">BPMET</subfield>
    <subfield code="d">2026-03-03</subfield>
    <subfield code="l">0</subfield>
    <subfield code="o">BPMSU CD 355.48 S718e 2014</subfield>
    <subfield code="p">BPMSU26030009</subfield>
    <subfield code="r">2026-03-03</subfield>
    <subfield code="w">2026-03-03</subfield>
    <subfield code="y">BK</subfield>
  </datafield>
  <datafield tag="999" ind1=" " ind2=" ">
    <subfield code="c">14454</subfield>
    <subfield code="d">14454</subfield>
  </datafield>
</record>
